| 000 | 00655nam a2200217 4500 | ||
|---|---|---|---|
| 001 | 124037 | ||
| 003 | ES-MaACL | ||
| 005 | 20260525062932.0 | ||
| 007 | t| | ||
| 008 | 070214s1956 sp r ||||1| spa d | ||
| 080 | _a821.134.2-84"18" | ||
| 100 | 1 |
_aRamón y Cajal, Santiago, _d1852-1934 _9226468 |
|
| 245 | 1 | 0 |
_aCharlas de café : _bpensamientos, anécdotas y confidencias / _cS. Ramón y Cajal. |
| 250 | _a7ª ed. | ||
| 260 |
_aMadrid : _bEspasa-Calpe, _c1956. |
||
| 300 |
_a323 p. ; _c18 cm. |
||
| 490 | 1 |
_aColección austral ; _v187 |
|
| 830 | 1 |
_aColección austral _v187 _9177655 |
|
| 852 |
_aES-MaACL _jC-11480 |
||
| 999 |
_c124037 _d124037 |
||